Beyoncé - Chansons de l'album Cowboy Carter - Statistiques

Statistiques générales
  • Ce quiz a été pris 60 fois
  • Le résultat moyen est 15 sur 27
Statistiques - réponses
Hint Réponse % Correct
Cowboy Carter 1 Ameriican Requiem
91%
Cowboy Carter3 27 Amen
80%
Cowboy Carter2 10 Jolene
80%
Cowboy Carter 2 Blackbiird (feat. Brittney Spencer, Reyna Roberts, Tanner Adell et Tiera Kennedy)
77%
Cowboy Carter 7 Texas Hold 'Em
77%
Cowboy Carter3 25 Tyrant (feat. Dolly Parton)
77%
Cowboy Carter3 20 Ya Ya
77%
Cowboy Carter 3 16 Carriages
70%
Cowboy Carter2 17 Levii's Jeans (feat. Post Malone)
70%
Cowboy Carter2 16 II Most Wanted (feat. Miley Cyrus)
68%
Cowboy Carter2 18 Flamenco
64%
Cowboy Carter 5 My Rose
61%
Cowboy Carter2 11 Daughter
59%
Cowboy Carter3 24 II Hands II Heaven
59%
Cowboy Carter 4 Protector (feat. Rumi Carter)
59%
Cowboy Carter3 26 Sweet ★ Honey ★ Buckiin' (feat. Shaboozey)
59%
Cowboy Carter 8 Bodyguard
57%
Cowboy Carter2 12 Spaghettii (feat. Linda Martell et Shaboozey)
52%
Cowboy Carter3 23 Riiverdance
50%
Cowboy Carter2 13 Alliigator Tears
39%
Cowboy Carter3 22 Desert Eagle
39%
Cowboy Carter2 15 Just for Fun (feat. Willie Jones)
39%
Cowboy Carter 9 Dolly P (feat. Dolly Parton)
36%
Cowboy Carter2 14 Smoke Hour II (feat. Willie Nelson)
27%
Cowboy Carter3 19 The Linda Martell Show (feat. Linda Martell)
27%
Cowboy Carter 6 Smoke Hour ★ Willie Nelson (feat. Willie Nelson)
14%
Cowboy Carter3 21 Oh Louisiana Chuck Berry
7%
Aucun quiz correspondant
Distribution des résultats
% des personnes avec chaque résultat
Percentile par nombre de réponses
Votre historique - résultats
Vous n’avez pas pris ce quiz